| 000 | 00459nam a2200181Ia 4500 | ||
|---|---|---|---|
| 001 | 23689 | ||
| 005 | 20260414150954.0 | ||
| 008 | 260414t1999||||xx |||||||||||||| ||spa|| | ||
| 041 | _aESP | ||
| 082 |
_a690.2 _bL51 |
||
| 100 |
_aLa Rosa Toro Rojas, Aerls Juan de _eAUT |
||
| 245 | 0 |
_aDisipadores de energía en muros de albañilería _b |
|
| 260 | _c1999 | ||
| 300 |
_a49 páginas : _c29 cm. |
||
| 650 | _a0 | ||
| 654 | _aCIC | ||
| 942 |
_cLIB _dJUS _fJUS _2ddc _n |
||
| 999 |
_c23689 _d23689 |
||